Estatísticas para Brazilian teams 2024

Clique aqui para jogar o quiz

Estatísticas Gerais

  • Esse quiz foi jogado 51 vezes
  • A pontuação média é 42 de 60

Estatísticas das Respostas

HintResposta% Correto
#3Atlético-MG
95%
#5Botafogo
95%
#6Corinthians
95%
#10Flamengo
95%
#16Palmeiras
95%
#18São Paulo
95%
#19Vasco
95%
#38Santos
93%
#20Vitória
93%
#4Bahia
91%
#8Cruzeiro
91%
#11Fluminense
91%
#13Grêmio
91%
#14Internacional
91%
#28Coritiba
89%
#7Criciúma
89%
#9Cuiabá
89%
#1Athletico-PR
86%
#15Juventude
86%
#17RB Bragantino
86%
#21Amazonas
84%
#2Atlético-GO
84%
#12Fortaleza
84%
#39Sport
82%
#22América-MG
80%
#50Figueirense
80%
#27Chapecoense
77%
#31Guarani
77%
#30Goiás
75%
#26Ceará
73%
#37Ponte Preta
73%
#40Vila Nova
73%
#23Avaí
70%
#29CRB
70%
#34Novorizontino
70%
#36Paysandu
68%
#24Botafogo-SP
66%
#47CSA
66%
#33Mirassol
66%
#53Náutico
66%
#35Operário
66%
#41ABC
61%
#32Ituano
61%
#54Remo
61%
#52Londrina
59%
#25Brusque
57%
#55Sampaio Corrêa
55%
#45Caxias
50%
#56São Bernardo
50%
#58Tombense
50%
#59Volta Redonda
50%
#44Botafogo-PB
45%
#46Confiança
32%
#42Aparecidense
30%
#51Floresta
30%
#60Ypiranga-RS
23%
#48Ferroviária-SP
20%
#49Ferroviário-CE
20%
#57São José-RS
18%
#43Athletic Club
11%

Distribuição das Pontuações

Percentil de Números Respondidos

Porcentagem de Pessoas com Cada Pontuação

Sua Pontuação Histórica

Você não jogou esse quiz